| 000 | 02334cam0 2200493 ib4500 | ||
|---|---|---|---|
| 001 | BY-VI0001-br259267 | ||
| 010 |
^a978-5-17-175171-5 ^bв переплете ^d36,73р. |
||
| 100 | ^a20251217d2025 d y0rusy50 ca | ||
| 101 | ^arus | ||
| 102 | ^aRU | ||
| 105 | ^aa z 000fy | ||
| 109 | ^ama | ||
| 200 | 1 |
^aАрктур — гончий пес ^eрассказы ^e[для среднего школьного возраста] ^fЮрий Казаков ^gхудожник Н. Устинов |
|
| 210 |
^aМосква ^cАСТ ^cМалыш ^d2025 |
||
| 215 |
^a84, [4] с. ^cил. ^d29 см |
||
| 225 | 0 | ^aКлассики детской книги | |
| 327 | 0 | ^aСодержание: Арктур — гончий пес ; Скрип-скрип ; На еловом ручье | |
| 333 | ^a6+ | ||
| 345 | ^92000 экз. | ||
| 464 | 0 |
^12001 ^aАрктур — гончий пес |
|
| 464 | 0 |
^12001 ^aСкрип-скрип |
|
| 464 | 0 |
^12001 ^aНа еловом ручье |
|
| 517 | 1 | ^aАрктур — гончий пёс | |
| 606 |
^aРУСКАЯ ЛІТАРАТУРА ^3BY-NLB-ar28703 ^2DVNLB |
||
| 606 |
^aРУССКАЯ ЛИТЕРАТУРА ^3BY-NLB-ar28702 ^2DVNLB |
||
| 606 |
^aМАСТАЦКАЯ ЛІТАРАТУРА ^3BY-NLB-ar37180 ^2DVNLB |
||
| 606 |
^aХУДОЖЕСТВЕННАЯ ЛИТЕРАТУРА ^3BY-NLB-ar37179 ^2DVNLB |
||
| 606 |
^aАПАВЯДАННІ ^3BY-NLB-ar2670466 ^2DVNLB |
||
| 606 |
^aРАССКАЗЫ ^3BY-NLB-ar2670465 ^2DVNLB |
||
| 608 |
^aДЕТСКАЯ И ЮНОШЕСКАЯ ЛИТЕРАТУРА (художеств. произведение) ^3BY-NLB-ar9019 ^2BYGNR |
||
| 686 |
^a84(2Рос)6-44 ^2rubbk |
||
| 690 |
^a1 ^2Base ^9BY-MI0011 ^xRSEK |
||
| 700 | 1 |
^aКазаков ^bЮ. П. ^gЮрий Павлович ^cписатель ^f1927—1982 ^3BY-NLB-ar111224 ^4070 |
|
| 702 | 1 |
^aУстинов ^bН. В. ^gНиколай Васильевич ^cхудожник ^f1906―1994 ^3BY-SEK-ar11875054 ^4040 |
|
| 801 | 0 |
^aBY ^bBY-VI0001 ^c20260121 ^gRCR |
|
| 801 | 2 |
^aBY ^bBY-MI0011 ^c20260317 ^gRCR |
|
| 035 | ^a(BY-MI0011)BY-VI0001-br259267 | ||
| 899 | 0 |
^aBY-MI0011 ^iК14 ^h84(2Рос)6 |
|